<?xml version="1.0" encoding="UTF-8"?>
<record
    xmlns:xsi="http://www.w3.org/2001/XMLSchema-instance"
    xsi:schemaLocation="http://www.loc.gov/MARC21/slim http://www.loc.gov/standards/marcxml/schema/MARC21slim.xsd"
    xmlns="http://www.loc.gov/MARC21/slim">

  <leader>02476nam a22002657a 4500</leader>
  <controlfield tag="001">1916</controlfield>
  <controlfield tag="003">FISKH</controlfield>
  <controlfield tag="005">20260409112119.0</controlfield>
  <controlfield tag="008">231010b        cb ||||| |||| 00| 0 khr d</controlfield>
  <datafield tag="020" ind1=" " ind2=" ">
    <subfield code="a">9789996305054</subfield>
  </datafield>
  <datafield tag="040" ind1=" " ind2=" ">
    <subfield code="a">FISKH </subfield>
    <subfield code="b">eng</subfield>
    <subfield code="c">FISKH </subfield>
    <subfield code="d">FISKH </subfield>
  </datafield>
  <datafield tag="082" ind1=" " ind2=" ">
    <subfield code="a">320.1</subfield>
  </datafield>
  <datafield tag="100" ind1=" " ind2=" ">
    <subfield code="a">Saint-Exupery, Antoine de </subfield>
  </datafield>
  <datafield tag="245" ind1=" " ind2=" ">
    <subfield code="a">&#x1796;&#x17D2;&#x179A;&#x17C7;&#x17A2;&#x1784;&#x17D2;&#x1782;&#x1798;&#x17D2;&#x1785;&#x17B6;&#x179F;&#x17CB;&#x178F;&#x17BC;&#x1785; / </subfield>
    <subfield code="c">&#x17A2;&#x1784;&#x17CB;&#x1791;&#x17D0;&#x1793; &#x178A;&#x17BA; &#x179F;&#x17B6;&#x17C6;&#x1784;&#x178F;&#x17B7;&#x1785;&#x179F;&#x17CA;&#x17BB;&#x1799;&#x1794;&#x17C9;&#x17C1;&#x179A;&#x17B8; &#x179A;&#x17BD;&#x1798;&#x1787;&#x17B6;&#x1798;&#x17BD;&#x1799;&#x1782;&#x17C6;&#x1793;&#x17BC;&#x179A;&#x17A2;&#x17D2;&#x1793;&#x1780;&#x1793;&#x17B7;&#x1796;&#x1793;&#x17D2;&#x1792; </subfield>
  </datafield>
  <datafield tag="260" ind1=" " ind2=" ">
    <subfield code="a">Phnom Penh : </subfield>
    <subfield code="b">Sipar, </subfield>
    <subfield code="c">2014.</subfield>
  </datafield>
  <datafield tag="300" ind1=" " ind2=" ">
    <subfield code="a">98 pages : </subfield>
    <subfield code="b">color illustrations ; </subfield>
    <subfield code="c">18 cm </subfield>
  </datafield>
  <datafield tag="505" ind1=" " ind2=" ">
    <subfield code="a">Z'
</subfield>
  </datafield>
  <datafield tag="520" ind1=" " ind2=" ">
    <subfield code="a">&#x1793;&#x17C4;&#x17C7;&#x17A0;&#x17BE;&#x1799;&#x1787;&#x17B6;&#x1798;&#x17BC;&#x179B;&#x17A0;&#x17C1;&#x178F;&#x17BB;&#x178A;&#x17C2;&#x179B;&#x1781;&#x17D2;&#x1789;&#x17BB;&#x17C6;&#x179A;&#x179F;&#x17CB;&#x1793;&#x17C5;&#x178F;&#x17C2;&#x1798;&#x17D2;&#x1793;&#x17B6;&#x1780;&#x17CB;&#x17AF;&#x1784;&#x178A;&#x17C4;&#x1799;&#x1782;&#x17D2;&#x1798;&#x17B6;&#x1793;&#x17A2;&#x17D2;&#x1793;&#x1780;&#x178E;&#x17B6;&#x1798;&#x17D2;&#x1793;&#x17B6;&#x1780;&#x17CB;&#x1793;&#x17B7;&#x1799;&#x17B6;&#x1799;&#x1787;&#x17B6;&#x1798;&#x17BD;&#x1799;&#x1781;&#x17D2;&#x1789;&#x17BB;&#x17C6;&#x17A2;&#x17C6;&#x1796;&#x17B8;&#x17A2;&#x17D2;&#x179C;&#x17B8;&#x178A;&#x17C2;&#x179B;&#x1781;&#x17D2;&#x1789;&#x17BB;&#x17C6;&#x1785;&#x1784;&#x17CB;&#x1793;&#x17B7;&#x1799;&#x17B6;&#x1799;&#x179A;&#x17A0;&#x17BC;&#x178F;&#x178A;&#x179B;&#x17CB;&#x1799;&#x1793;&#x17D2;&#x178F;&#x17A0;&#x17C4;&#x17C7;&#x1794;&#x17B6;&#x1793;&#x1792;&#x17D2;&#x179B;&#x17B6;&#x1780;&#x17CB;&#x1793;&#x17C5;&#x179C;&#x17B6;&#x179B;&#x1781;&#x17D2;&#x179F;&#x17B6;&#x1785;&#x17CB;&#x179F;&#x17B6;&#x17A0;&#x17B6;&#x179A;&#x17C9;&#x17B6;&#x1780;&#x17B6;&#x179B;&#x1796;&#x17B8;&#x1794;&#x17D2;&#x179A;&#x17B6;&#x17C6;&#x1798;&#x17BD;&#x1799;&#x1786;&#x17D2;&#x1793;&#x17B6;&#x17C6;&#x1798;&#x17BB;&#x1793;&#x178A;&#x17C4;&#x1799;&#x179F;&#x17B6;&#x179A;&#x178F;&#x17C2;&#x1798;&#x17C9;&#x17B6;&#x179F;&#x17CA;&#x17B8;&#x1793;&#x1781;&#x17BC;&#x1785;&#x17D4; &#x178A;&#x17C4;&#x1799;&#x1782;&#x17D2;&#x1798;&#x17B6;&#x1793;&#x1798;&#x17C1;&#x1780;&#x17B6;&#x1793;&#x17B7;&#x1785; &#x1782;&#x17D2;&#x1798;&#x17B6;&#x1793;&#x17A2;&#x17D2;&#x1793;&#x1780;&#x178A;&#x17C6;&#x178E;&#x17BE;&#x179A; &#x1781;&#x17D2;&#x1789;&#x17BB;&#x17C6;&#x1796;&#x17D2;&#x1799;&#x17B6;&#x1799;&#x17B6;&#x1798;&#x1787;&#x17BD;&#x179F;&#x1787;&#x17BB;&#x179B;&#x179C;&#x17B6;&#x178A;&#x17C4;&#x1799;&#x1781;&#x17D2;&#x179B;&#x17BD;&#x1793;&#x17AF;&#x1784;&#x17D4; &#x179C;&#x17B6;&#x200B;&#x1787;&#x17B6;&#x200B;&#x1794;&#x1789;&#x17D2;&#x17A0;&#x17B6;&#x200B;&#x1780;&#x17D2;&#x1793;&#x17BB;&#x1784;&#x200B;&#x1787;&#x17B8;&#x179C;&#x17B7;&#x178F;&#x200B;&#x179A;&#x1794;&#x179F;&#x17CB;&#x200B;&#x1781;&#x17D2;&#x1789;&#x17BB;&#x17C6; &#x1796;&#x17D2;&#x179A;&#x17C4;&#x17C7;&#x200B;&#x1781;&#x17D2;&#x1789;&#x17BB;&#x17C6;&#x200B;&#x1794;&#x17B6;&#x1793;&#x200B;&#x1791;&#x17B9;&#x1780;&#x200B;&#x179F;&#x1798;&#x17D2;&#x179A;&#x17B6;&#x1794;&#x17CB;&#x200B;&#x1795;&#x17B9;&#x1780;&#x200B;&#x1787;&#x17B7;&#x178F;&#x200B;&#x1794;&#x17D2;&#x179A;&#x17B6;&#x17C6;&#x1794;&#x17B8;&#x200B;&#x1790;&#x17D2;&#x1784;&#x17C3;&#x200B;&#x17A0;&#x17BE;&#x1799;&#x17D4; &#x1780;&#x17B6;&#x179A;&#x1796;&#x17B7;&#x178F;&#x1791;&#x17B6;&#x17C6;&#x1784;&#x1793;&#x17C1;&#x17C7;&#x1798;&#x17B6;&#x1793;&#x1793;&#x17C5;&#x1780;&#x17D2;&#x1793;&#x17BB;&#x1784;&#x1794;&#x17D2;&#x179A;&#x179B;&#x17C4;&#x1798;&#x179B;&#x17C4;&#x1780; "&#x1796;&#x17D2;&#x179A;&#x17C7;&#x17A2;&#x1784;&#x17D2;&#x1782;&#x1798;&#x17D2;&#x1785;&#x17B6;&#x179F;&#x17CB;&#x178F;&#x17BC;&#x1785;" &#x17D4;</subfield>
  </datafield>
  <datafield tag="520" ind1=" " ind2=" ">
    <subfield code="a">That&#x2019;s why I live alone without anyone talking to me about what I want to talk until the plane crashed in the Sahara Desert six years ago due to a broken engine. Without mechanics, no passengers, I tried to fix it myself. It&#x2019;s a matter of my life because I have had water to drink for almost eight days. These facts are in the novel &#x2018;The little Prince&#x2019;.</subfield>
  </datafield>
  <datafield tag="521" ind1="8" ind2=" ">
    <subfield code="a">920
</subfield>
    <subfield code="b">Lexile estimate
</subfield>
  </datafield>
  <datafield tag="521" ind1="8" ind2=" ">
    <subfield code="a">Z'
</subfield>
    <subfield code="b">Raz-Plus
</subfield>
  </datafield>
  <datafield tag="650" ind1=" " ind2=" ">
    <subfield code="a">&#x1796;&#x17D2;&#x179A;&#x17C7;&#x17A2;&#x1784;&#x17D2;&#x1782;&#x1798;&#x17D2;&#x1785;&#x17B6;&#x179F;&#x17CB;&#x178F;&#x17BC;&#x1785; </subfield>
    <subfield code="v">&#x1787;&#x17B8;&#x179C;&#x17B7;&#x178F;&#x178A;&#x17CF;&#x1796;&#x17B7;&#x1794;&#x17B6;&#x1780; </subfield>
    <subfield code="x">&#x178A;&#x17B8;&#x1781;&#x17D2;&#x179F;&#x17B6;&#x1785;&#x17CB; </subfield>
  </datafield>
  <datafield tag="650" ind1=" " ind2=" ">
    <subfield code="a">Little prince </subfield>
    <subfield code="v">Difficult life </subfield>
    <subfield code="x">Sand </subfield>
  </datafield>
  <datafield tag="942" ind1=" " ind2=" ">
    <subfield code="2">ddc</subfield>
    <subfield code="c">KHB</subfield>
    <subfield code="n">0</subfield>
  </datafield>
  <datafield tag="999" ind1=" " ind2=" ">
    <subfield code="c">1916</subfield>
    <subfield code="d">1916</subfield>
  </datafield>
  <datafield tag="952" ind1=" " ind2=" ">
    <subfield code="0">0</subfield>
    <subfield code="1">0</subfield>
    <subfield code="2">ddc</subfield>
    <subfield code="4">0</subfield>
    <subfield code="7">0</subfield>
    <subfield code="8">KH</subfield>
    <subfield code="a">001</subfield>
    <subfield code="b">001</subfield>
    <subfield code="c">TK Black</subfield>
    <subfield code="d">2023-10-10</subfield>
    <subfield code="l">0</subfield>
    <subfield code="o">SAI 320.1</subfield>
    <subfield code="p">FISTK03694</subfield>
    <subfield code="r">2023-10-10 13:51:42</subfield>
    <subfield code="t">1</subfield>
    <subfield code="w">2023-10-10</subfield>
    <subfield code="y">KHB</subfield>
  </datafield>
  <datafield tag="952" ind1=" " ind2=" ">
    <subfield code="0">0</subfield>
    <subfield code="1">0</subfield>
    <subfield code="2">ddc</subfield>
    <subfield code="4">0</subfield>
    <subfield code="7">0</subfield>
    <subfield code="8">KH</subfield>
    <subfield code="a">001</subfield>
    <subfield code="b">001</subfield>
    <subfield code="c">TK Black</subfield>
    <subfield code="d">2023-10-10</subfield>
    <subfield code="l">0</subfield>
    <subfield code="o">SAI 320.1</subfield>
    <subfield code="p">FISTK03695</subfield>
    <subfield code="r">2023-10-10 13:52:00</subfield>
    <subfield code="t">2</subfield>
    <subfield code="w">2023-10-10</subfield>
    <subfield code="y">KHB</subfield>
  </datafield>
  <datafield tag="952" ind1=" " ind2=" ">
    <subfield code="0">0</subfield>
    <subfield code="1">0</subfield>
    <subfield code="2">ddc</subfield>
    <subfield code="4">0</subfield>
    <subfield code="7">0</subfield>
    <subfield code="8">KH</subfield>
    <subfield code="a">001</subfield>
    <subfield code="b">001</subfield>
    <subfield code="c">OKHR</subfield>
    <subfield code="d">2024-06-27</subfield>
    <subfield code="l">0</subfield>
    <subfield code="o">SAI 320.1</subfield>
    <subfield code="p">FISTK05096</subfield>
    <subfield code="r">2024-06-27 14:02:57</subfield>
    <subfield code="t">3</subfield>
    <subfield code="w">2024-06-27</subfield>
    <subfield code="y">KHB</subfield>
  </datafield>
  <datafield tag="952" ind1=" " ind2=" ">
    <subfield code="0">0</subfield>
    <subfield code="1">0</subfield>
    <subfield code="2">ddc</subfield>
    <subfield code="4">0</subfield>
    <subfield code="7">0</subfield>
    <subfield code="8">KH</subfield>
    <subfield code="a">002</subfield>
    <subfield code="b">002</subfield>
    <subfield code="c">SKB</subfield>
    <subfield code="d">2024-06-27</subfield>
    <subfield code="l">0</subfield>
    <subfield code="o">SAI 320.1</subfield>
    <subfield code="p">FIS00213</subfield>
    <subfield code="r">2026-04-21 08:07:12</subfield>
    <subfield code="t">4</subfield>
    <subfield code="w">2024-06-27</subfield>
    <subfield code="y">KHB</subfield>
  </datafield>
  <datafield tag="952" ind1=" " ind2=" ">
    <subfield code="0">0</subfield>
    <subfield code="1">0</subfield>
    <subfield code="2">ddc</subfield>
    <subfield code="4">0</subfield>
    <subfield code="7">0</subfield>
    <subfield code="8">KH</subfield>
    <subfield code="a">002</subfield>
    <subfield code="b">002</subfield>
    <subfield code="c">SKB</subfield>
    <subfield code="d">2024-06-27</subfield>
    <subfield code="l">1</subfield>
    <subfield code="o">SAI 320.1</subfield>
    <subfield code="p">FIS05133</subfield>
    <subfield code="r">2025-03-13 10:17:00</subfield>
    <subfield code="s">2025-03-11</subfield>
    <subfield code="t">5</subfield>
    <subfield code="w">2024-06-27</subfield>
    <subfield code="y">KHB</subfield>
  </datafield>
  <datafield tag="952" ind1=" " ind2=" ">
    <subfield code="0">0</subfield>
    <subfield code="1">0</subfield>
    <subfield code="2">ddc</subfield>
    <subfield code="4">0</subfield>
    <subfield code="7">0</subfield>
    <subfield code="8">KH</subfield>
    <subfield code="a">002</subfield>
    <subfield code="b">002</subfield>
    <subfield code="c">TTP Khmer</subfield>
    <subfield code="d">2025-03-27</subfield>
    <subfield code="l">1</subfield>
    <subfield code="o">SAI 320.1</subfield>
    <subfield code="p">FISSE02272</subfield>
    <subfield code="r">2025-09-30 10:29:23</subfield>
    <subfield code="s">2025-07-15</subfield>
    <subfield code="t">6</subfield>
    <subfield code="w">2025-03-27</subfield>
    <subfield code="y">KHB</subfield>
  </datafield>
  <datafield tag="952" ind1=" " ind2=" ">
    <subfield code="0">0</subfield>
    <subfield code="1">0</subfield>
    <subfield code="2">ddc</subfield>
    <subfield code="4">0</subfield>
    <subfield code="7">0</subfield>
    <subfield code="8">KH</subfield>
    <subfield code="a">002</subfield>
    <subfield code="b">002</subfield>
    <subfield code="c">TTP Khmer</subfield>
    <subfield code="d">2025-03-27</subfield>
    <subfield code="l">1</subfield>
    <subfield code="o">SAI 320.1</subfield>
    <subfield code="p">FISSE00182</subfield>
    <subfield code="q">2026-04-15</subfield>
    <subfield code="r">2026-04-01 08:02:31</subfield>
    <subfield code="s">2026-04-01</subfield>
    <subfield code="t">7</subfield>
    <subfield code="w">2025-03-27</subfield>
    <subfield code="y">KHB</subfield>
  </datafield>
  <datafield tag="952" ind1=" " ind2=" ">
    <subfield code="0">0</subfield>
    <subfield code="1">0</subfield>
    <subfield code="2">ddc</subfield>
    <subfield code="4">0</subfield>
    <subfield code="7">0</subfield>
    <subfield code="8">KH</subfield>
    <subfield code="a">002</subfield>
    <subfield code="b">002</subfield>
    <subfield code="c">SKB</subfield>
    <subfield code="d">2025-03-28</subfield>
    <subfield code="l">0</subfield>
    <subfield code="o">SAI 320.1</subfield>
    <subfield code="p">FISSE02279</subfield>
    <subfield code="r">2025-03-28 14:31:26</subfield>
    <subfield code="t">8</subfield>
    <subfield code="w">2025-03-28</subfield>
    <subfield code="y">KHB</subfield>
  </datafield>
  <datafield tag="952" ind1=" " ind2=" ">
    <subfield code="0">0</subfield>
    <subfield code="1">0</subfield>
    <subfield code="2">ddc</subfield>
    <subfield code="4">0</subfield>
    <subfield code="7">0</subfield>
    <subfield code="8">KH</subfield>
    <subfield code="a">002</subfield>
    <subfield code="b">002</subfield>
    <subfield code="c">SKB</subfield>
    <subfield code="d">2026-04-09</subfield>
    <subfield code="l">0</subfield>
    <subfield code="o">SAI 320.1</subfield>
    <subfield code="p">2026-0480</subfield>
    <subfield code="r">2026-04-09 11:11:04</subfield>
    <subfield code="t">9</subfield>
    <subfield code="w">2026-04-09</subfield>
    <subfield code="y">KHB</subfield>
  </datafield>
</record>
